| 000 | 00669nam a2200217Ii 4500 | ||
|---|---|---|---|
| 003 | JO-AjNU | ||
| 008 | 230605s9999||||xx |||||||||||||| ||und|| | ||
| 017 | _a80/5060 | ||
| 040 |
_aJO-AjNU _bara _erda _cJO-AjNU |
||
| 041 | _aara | ||
| 050 | 1 | 4 | _aBP167.85.A7 1980 |
| 100 | 3 |
_aصقر، عطية, _eauthor _918990 |
|
| 245 | 0 | 0 | _aالدعوة الإسلامية دعوة عالمية |
| 250 | _aط1 | ||
| 264 | 3 | 1 | _aد.م: مؤسسة الصباح للنشر والتوزيع، 1980 |
| 300 | _a509ص | ||
| 336 |
_atext _btxt _2rdacontent |
||
| 337 |
_aunmediated _bn _2rdamedia |
||
| 338 |
_avolume _bnc _2rdacarrier |
||
| 650 | 4 |
_aالدعوة الاسلامية _918991 |
|
| 999 |
_aA6176 _c9744 _d9744 |
||